[Event "1700's Anonymous - no.3"]
[Site "SchemingMind.com"]
[Date "2013.04.05"]
[Round "-"]
[White "kenneth m day"]
[Black "Clive Everill"]
[Result "0-1"]
[WhiteCountry "USA"]
[BlackCountry "CZE"]
[WhiteElo "1752"]
[WhiteRD "52"]
[BlackElo "1736"]
[BlackRD "52"]
[GameID "329743"]

1. e4 e6 2. d4 d5 3. Nd2 Be7 4. Bd3 c5 5. c3 cxd4 6. cxd4 Nc6 7. Ngf3 dxe4 8. Nxe4 Nf6 9. Nxf6+ Bxf6 10. O-O Nxd4
11. Qa4+ Qd7 12. Qb4 Nxf3+ 13. gxf3 Qxd3 14. Be3 Be7 15. Rfd1 Qxd1+ 16. Rxd1 Bxb4
0-1

[Event "1700's Anonymous - no.3"]
[Site "SchemingMind.com"]
[Date "2013.04.05"]
[Round "-"]
[White "Clive Everill"]
[Black "kenneth m day"]
[Result "0-1"]
[WhiteCountry "CZE"]
[BlackCountry "USA"]
[WhiteElo "1698"]
[WhiteRD "55"]
[BlackElo "1791"]
[BlackRD "48"]
[GameID "329744"]

1. Nf3 d5 2. d4 Nf6 3. c4 c6 4. Qb3 dxc4 5. Qxc4 Bg4 6. Nc3 e6 7. e4 Nbd7 8. Be2 Be7 9. O-O O-O 10. Bf4 Nb6
11. Qd3 Rc8 12. h3 Bxf3 13. Bxf3 c5 14. Rad1 cxd4 15. Qxd4 Bc5 16. Qxd8 Rfxd8 17. Rxd8+ Rxd8 18. e5 Nfd5 19. Nxd5 Nxd5 20. Bg5 Rc8
21. Kh2 h6 22. Bh4 Bd4 23. Bg3 Rc2 24. Be4 Rxb2 25. Rc1 g6 26. Rc8+ Kg7 27. Bxd5 exd5 28. Rc7 Bxf2 29. Bxf2 Rxf2 30. Rxb7 Re2
31. Rxa7 Rxe5 32. Rd7 Kf6 33. a4 Ke6 34. Rd8 Ke7 35. Ra8 d4 36. a5 d3 37. a6 d2 38. a7 Ra5
0-1

[Event "1700's Anonymous - no.3"]
[Site "SchemingMind.com"]
[Date "2013.04.05"]
[Round "-"]
[White "David Hartley"]
[Black "Clive Everill"]
[Result "1-0"]
[WhiteCountry "ENG"]
[BlackCountry "CZE"]
[WhiteElo "1748"]
[WhiteRD "67"]
[BlackElo "1712"]
[BlackRD "56"]
[GameID "329771"]

1. Nf3 d5 2. d4 Nf6 3. g3 c6 4. Bg2 Bf5 5. O-O e6 6. Nh4 Bg4 7. f3 Bh5 8. g4 Bg6 9. Nxg6 hxg6 10. Bf4 Bd6
11. e3 Bxf4 12. exf4 Nbd7 13. h3 Qb6 14. b3 O-O-O 15. Kh2 Qc7 16. Qd2 g5 17. Kg3 gxf4+ 18. Qxf4 Qxf4+ 19. Kxf4 Ne8 20. Kg3 g6
21. Nc3 f5 22. Ne2 fxg4 23. fxg4 Nd6 24. Nf4 Nf8 25. Rae1 Re8 26. Re3 g5 27. Nd3 b6 28. Rfe1 Kd7 29. Ne5+ Kc7 30. Nf3 Rg8
31. Ne5 Re7 32. Rc3 c5 33. dxc5 Nb5 34. cxb6+ Kxb6 35. Rd3 Rc7 36. c4 dxc4 37. Nxc4+ Ka6 38. a4 Rd7 39. Red1 Rxd3+ 40. Rxd3
1-0

[Event "1700's Anonymous - no.3"]
[Site "SchemingMind.com"]
[Date "2013.04.05"]
[Round "-"]
[White "David Hartley"]
[Black "kenneth m day"]
[Result "0-1"]
[WhiteCountry "ENG"]
[BlackCountry "USA"]
[WhiteElo "1754"]
[WhiteRD "68"]
[BlackElo "1791"]
[BlackRD "48"]
[GameID "329772"]

1. e4 e5 2. Nf3 Nc6 3. d4 exd4 4. Nxd4 Bc5 5. Nxc6 Qf6 6. Qe2 Qxc6 7. Nc3 Ne7 8. Qf3 O-O 9. Bc4 Bxf2+ 10. Qxf2 Qxc4
11. Be3 Nc6 12. O-O-O d6 13. Qg3 Ne5 14. Nd5 c6 15. Nc7 Rb8 16. Bxa7 Qxa2 17. Qa3 Qxa3 18. bxa3 Bg4 19. Bxb8 Bxd1 20. Rxd1 Rxb8
21. Rxd6 Nc4 22. Nd5 Nxd6
0-1

[Event "1700's Anonymous - no.3"]
[Site "SchemingMind.com"]
[Date "2013.04.05"]
[Round "-"]
[White "Clive Everill"]
[Black "David Hartley"]
[Result "1-0"]
[WhiteCountry "CZE"]
[BlackCountry "ENG"]
[WhiteElo "1736"]
[WhiteRD "52"]
[BlackElo "1793"]
[BlackRD "60"]
[GameID "329773"]

1. Nf3 Nf6 2. g3 d5 3. Bg2 g6 4. O-O Bg7 5. d3 O-O 6. Nbd2 c5 7. e4 dxe4 8. dxe4 Nc6 9. Re1 e5 10. c3 Bd7
11. Nc4 Be6 12. Qxd8 Rfxd8 13. Nfxe5 Nxe5 14. Nxe5 Re8 15. Nf3 Re7 16. Bf4 Rae8 17. Bd6 Rd7 18. Bxc5 b6 19. Bd4 Red8 20. Ng5 Bc4
21. f4 Re7 22. b3 Ba6 23. e5 Nd7 24. Bd5 h6 25. Nxf7
1-0

[Event "1700's Anonymous - no.3"]
[Site "SchemingMind.com"]
[Date "2013.04.05"]
[Round "-"]
[White "kenneth m day"]
[Black "David Hartley"]
[Result "1-0"]
[WhiteCountry "USA"]
[BlackCountry "ENG"]
[WhiteElo "1752"]
[WhiteRD "52"]
[BlackElo "1793"]
[BlackRD "60"]
[GameID "329774"]

1. e4 e5 2. Nf3 Nc6 3. d4 exd4 4. c3 dxc3 5. Nxc3 d6 6. Bc4 Be6 7. Bxe6 fxe6 8. Qb3 Qc8 9. O-O Be7 10. Be3 b6
11. Rac1 Qb7 12. Qxe6 Qc8 13. Qc4 Qd7 14. Nd5
1-0

[Event "1700's Anonymous - no.3"]
[Site "SchemingMind.com"]
[Date "2013.04.12"]
[Round "-"]
[White "emvarela"]
[Black "David Hartley"]
[Result "1/2-1/2"]
[WhiteCountry "ARG"]
[BlackCountry "ENG"]
[WhiteElo "1741"]
[WhiteRD "47"]
[BlackElo "1773"]
[BlackRD "64"]
[GameID "329856"]

1. e4 e5 2. Nf3 Nc6 3. d4 exd4 4. c3 dxc3 5. Bc4 cxb2 6. Bxb2 d6 7. Qb3 Nh6 8. O-O Na5 9. Qa4+ c6 10. Bd3 b5
11. Qc2 f6 12. Nbd2 Be7 13. Nd4 Bd7 14. N2b3 Nxb3 15. axb3 O-O 16. Nxc6 Bxc6 17. Qxc6 b4 18. Bc4+ Kh8 19. Bd4 Qb8 20. Qb5 f5
21. Qd7 Qd8 22. Qxd8 Raxd8 23. Rxa7 Bf6 24. Bxf6 Rxf6 25. exf5 Nxf5 26. Rd1 Rff8 27. Rf7 Rxf7 28. Bxf7 g6 29. g4 Ne7 30. Rd4 Kg7
31. Bc4 Nc6 32. Rd5 Kf6 33. f4 Ke7 34. Kg2 Rb8 35. Kf3 Rb6 36. Ke4 Rb8 37. Rb5 Kd8 38. Rxb8+ Nxb8 39. Bg8 h6 40. Bf7 g5
41. fxg5 hxg5 42. Kd5 Kc7 43. Be8 Nd7 44. Bxd7 Kxd7 45. h3 Ke7 46. Kc4 Ke6 47. Kxb4 Ke5 48. Kc4 Ke4 49. b4 d5+ 50. Kc3 Ke3
51. Kc2 Ke2 52. Kc3 Ke3 53. Kc2 Ke2 54. Kc3=
1/2-1/2

[Event "1700's Anonymous - no.3"]
[Site "SchemingMind.com"]
[Date "2013.04.09"]
[Round "-"]
[White "emvarela"]
[Black "Clive Everill"]
[Result "1-0"]
[WhiteCountry "ARG"]
[BlackCountry "CZE"]
[WhiteElo "1761"]
[WhiteRD "48"]
[BlackElo "1712"]
[BlackRD "56"]
[GameID "329857"]

1. e4 e6 2. d4 d5 3. Nc3 Bb4 4. e5 Ne7 5. a3 Bxc3+ 6. bxc3 b6 7. Qg4 Kf8 8. Bd3 Ba6 9. Bg5 Bxd3 10. Bxe7+ Qxe7
11. cxd3 h5 12. Qf3 Nd7 13. Ne2 c5 14. c4 cxd4 15. Nxd4 Nxe5 16. Qg3 dxc4 17. Qxe5 cxd3 18. Qe4 Rc8 19. Kd2 Rh6 20. Kxd3 Kg8
21. Ke3 Qg5+ 22. f4 Qa5 23. Rhd1 Rc3+ 24. Rd3 Rc4 25. Qa8+ Kh7 26. Rad1 e5 27. Qe4+ g6 28. Qxe5 Qxe5+ 29. fxe5 g5 30. Ke4 Kg6
31. Rf1 Rh8 32. Rf6+ Kg7 33. Kf5 g4 34. Kg5 Rc5 35. Nf5+ Kh7 36. Rh6+
1-0

[Event "1700's Anonymous - no.3"]
[Site "SchemingMind.com"]
[Date "2013.04.08"]
[Round "-"]
[White "emvarela"]
[Black "kenneth m day"]
[Result "0-1"]
[WhiteCountry "ARG"]
[BlackCountry "USA"]
[WhiteElo "1765"]
[WhiteRD "48"]
[BlackElo "1791"]
[BlackRD "48"]
[GameID "329858"]

1. e4 c5 2. Nf3 Nc6 3. d4 cxd4 4. c3 e5 5. cxd4 exd4 6. Nxd4 Nf6 7. Nxc6 bxc6 8. Bd3 Bd6 9. O-O O-O 10. Nd2 Be5
11. Nc4 Bd4 12. Bg5 d6 13. Qa4 c5 14. Rab1 a5 15. Bxf6 Qxf6 16. Qc6 Ra6 17. Nb6 c4 18. Bxc4 Rxb6 19. Qa4 Rb4 20. Qc2 Bb7
21. b3 Qg6 22. Bd5 Bxd5
0-1

[Event "1700's Anonymous - no.3"]
[Site "SchemingMind.com"]
[Date "2013.04.12"]
[Round "-"]
[White "David Hartley"]
[Black "emvarela"]
[Result "1-0"]
[WhiteCountry "ENG"]
[BlackCountry "ARG"]
[WhiteElo "1772"]
[WhiteRD "66"]
[BlackElo "1731"]
[BlackRD "49"]
[GameID "329859"]

1. e4 e5 2. Nf3 Nc6 3. Bc4 Nf6 4. Ng5 Bc5 5. Bxf7+ Ke7 6. Bd5 Nxd5 7. exd5 Nd4 8. Nc3 h6 9. d3 d6 10. O-O Qe8
11. Nge4 Qg6 12. Kh1 Bf5 13. Nxc5 dxc5 14. Re1 Kd6 15. f4 Kd7 16. fxe5 Bg4 17. Qd2 Nf3 18. e6+ Ke7 19. d6+ cxd6 20. Nd5+ Kd8
21. Qa5+ b6 22. Qb5 Bxe6 23. Nf4
1-0

[Event "1700's Anonymous - no.3"]
[Site "SchemingMind.com"]
[Date "2013.04.09"]
[Round "-"]
[White "Clive Everill"]
[Black "emvarela"]
[Result "0-1"]
[WhiteCountry "CZE"]
[BlackCountry "ARG"]
[WhiteElo "1712"]
[WhiteRD "56"]
[BlackElo "1761"]
[BlackRD "48"]
[GameID "329860"]

1. d4 Nf6 2. c4 e6 3. g3 c5 4. Nf3 cxd4 5. Nxd4 d5 6. cxd5 Qxd5 7. f3 Bb4+ 8. Nc3 Bxc3+ 9. bxc3 Nc6 10. Be3 Nxd4
11. Bxd4 Ke7 12. Bg2 Rd8 13. O-O e5 14. Bf2 Qc4 15. Qc2 g6 16. Rab1 a6 17. Rb4 Qe6 18. Bc5+ Ke8 19. f4 Nd7 20. Be3 Rb8
21. Rd1 b5 22. Bd5 Qf6 23. fxe5 Nxe5 24. Ba7 Bb7 25. Bxb8 Rxb8 26. Bxb7 Rxb7 27. Qe4 Rc7 28. Rbd4 Kf8 29. Rd6 Qe7 30. Qf4 g5
31. Qf5 Ng6 32. e4 Rxc3 33. Rd8+ Kg7 34. R1d7 Rc1+ 35. Kg2 Rc2+ 36. Kh3 h5 37. Rd2 g4+
0-1

[Event "1700's Anonymous - no.3"]
[Site "SchemingMind.com"]
[Date "2013.04.08"]
[Round "-"]
[White "kenneth m day"]
[Black "emvarela"]
[Result "1-0"]
[WhiteCountry "USA"]
[BlackCountry "ARG"]
[WhiteElo "1791"]
[WhiteRD "48"]
[BlackElo "1765"]
[BlackRD "48"]
[GameID "329861"]

1. e4 e5 2. Nf3 Nc6 3. d4 exd4 4. c3 dxc3 5. Nxc3 Bb4 6. Bc4 d6 7. O-O h6 8. Qb3 Qe7 9. Nd5 Qd8 10. Nxb4 Qe7
11. Nd5 Qd7 12. Bf4 Na5 13. Qb5 Nxc4 14. Qxc4 c6 15. Ne3 Qe6 16. Qxe6+ Bxe6 17. Bxd6 Nf6 18. e5 Nd5 19. Nxd5 Bxd5 20. Nd4 Kd7
21. f4 b6 22. a3 f6 23. Rad1 fxe5 24. fxe5 Rhe8 25. Nf5 Re6 26. Rf2 Rg6 27. Ne3
1-0

[Event "1700's Anonymous - no.3"]
[Site "SchemingMind.com"]
[Date "2013.04.14"]
[Round "-"]
[White "Daryl Fouard"]
[Black "David Hartley"]
[Result "1-0"]
[WhiteCountry "USA"]
[BlackCountry "ENG"]
[WhiteElo "1718"]
[WhiteRD "75"]
[BlackElo "1754"]
[BlackRD "68"]
[GameID "329948"]

1. e4 e5 2. f4 exf4 3. Bc4 Qh4+ 4. Kf1 d6 5. Nc3 Be6 6. Qe2 Nd7 7. Bxe6 fxe6 8. Nf3 Qf6 9. d4 e5 10. Qb5 O-O-O
11. Qa5 a6 12. Nd5
1-0

[Event "1700's Anonymous - no.3"]
[Site "SchemingMind.com"]
[Date "2013.04.14"]
[Round "-"]
[White "Daryl Fouard"]
[Black "Clive Everill"]
[Result "1-0"]
[WhiteCountry "USA"]
[BlackCountry "CZE"]
[WhiteElo "1718"]
[WhiteRD "75"]
[BlackElo "1698"]
[BlackRD "55"]
[GameID "329949"]

1. e4 e6 2. Nf3 c5 3. g3 d6 4. c3 Nf6 5. d3 Be7 6. Bg2 O-O 7. O-O Bd7 8. Nbd2 b5 9. Ne1 Bc6 10. a3 a6
11. b4 Nfd7 12. bxc5 Nxc5 13. d4 Ncd7 14. Nd3 Nb6 15. Nb4 Bb7 16. d5 exd5 17. Nxd5 Nxd5 18. exd5 Nd7 19. Bb2 Nf6 20. Qb3 Re8
21. Rfe1 Rc8 22. Rad1 Rc5 23. Nf1 Qa8 24. Ne3 a5 25. Re2 a4 26. Qa2 Bf8 27. c4 bxc4 28. Bxf6 gxf6 29. Nxc4 Rxe2 30. Qxe2 Bxd5
31. Nb6 Qc6 32. Nxd5 Qc8 33. Nxf6+ Kh8 34. Ne4 Re5 35. Qd3 Re6 36. Bh3 Qe8 37. Bxe6 Qxe6 38. Ng5 Qg6 39. Qxg6 fxg6 40. Nf7+ Kg7
41. Nxd6 Kf6 42. Ne4+ Ke5 43. Nc3 Bxa3 44. Nxa4 h5 45. f4+ Kf5 46. Kg2 Be7 47. Re1 Kf6 48. Nb6 Bd6 49. Kh3 Kf5 50. Nc4 Bb4
51. Re5+ Kf6 52. Rg5 Bc3 53. Ne5
1-0

[Event "1700's Anonymous - no.3"]
[Site "SchemingMind.com"]
[Date "2013.04.14"]
[Round "-"]
[White "Daryl Fouard"]
[Black "emvarela"]
[Result "0-1"]
[WhiteCountry "USA"]
[BlackCountry "ARG"]
[WhiteElo "1717"]
[WhiteRD "72"]
[BlackElo "1761"]
[BlackRD "48"]
[GameID "329950"]

1. e4 e5 2. f4 exf4 3. Bc4 Nf6 4. e5 Ne4 5. Nf3 d5 6. exd6 Bxd6 7. O-O Bg4 8. Qe1 Bxf3 9. Rxf3 Bc5+ 10. Kf1 Qd4
11. Bxf7+ Kd7 12. Rxf4 Qg1+ 13. Ke2 Qxg2+ 14. Kd1 Bf2 15. Rxf2 Nxf2+ 16. Ke2 Ne4+ 17. Kd1 Qf3+ 18. Qe2 Qxf7 19. Qxe4 Qf1+ 20. Qe1 Rf8
21. Nc3 Qxe1+ 22. Kxe1 Nc6 23. Ne4 Rae8 24. d3 Nd4 25. Kd2 Nf3+ 26. Kc3 Nxh2 27. Be3 Rf6 28. Rh1 Rc6+ 29. Kd2 Ng4 30. Bxa7 h6
31. Bd4 Ne5 32. Bc3 b6 33. Kd1 Rce6 34. Rg1 R8e7 35. Rh1 Ng4 36. Bd4 c5 37. Bxc5 bxc5 38. Nxc5+ Kd6 39. Nxe6 Nf2+ 40. Kd2 Nxh1
41. Nd4 Kd5 42. Nb5 g5 43. c4+ Kc5 44. Kc3 Re3 45. b4+ Kb6 46. Kd4 Re8 47. a4 g4 48. Nd6 Rd8 49. c5+ Kc7 50. b5 g3
51. Kc4 Rxd6
0-1

[Event "1700's Anonymous - no.3"]
[Site "SchemingMind.com"]
[Date "2013.04.14"]
[Round "-"]
[White "Daryl Fouard"]
[Black "kenneth m day"]
[Result "1-0"]
[WhiteCountry "USA"]
[BlackCountry "USA"]
[WhiteElo "1718"]
[WhiteRD "75"]
[BlackElo "1791"]
[BlackRD "48"]
[GameID "329951"]

1. e4 c5 2. c3 Nf6 3. e5 Nd5 4. Nf3 Nc6 5. Bc4 Nb6 6. Bb3 g6 7. d4 cxd4 8. Ng5 e6 9. Ne4 Nxe5 10. Qxd4 Bg7
11. Bg5 Qc7 12. Bf6 Bxf6 13. Nxf6+ Ke7 14. O-O d5 15. Qh4 Kd6 16. Qf4 Ke7 17. Re1 Nbd7 18. Nxd7 Bxd7 19. Qxe5 Qxe5 20. Rxe5 Bc6
21. Nd2 f6 22. Re2 Rad8 23. Rae1 e5 24. c4 d4 25. f4 Rhe8 26. fxe5 fxe5 27. Rxe5+ Kf8 28. Rxe8+ Rxe8 29. Rxe8+ Kxe8 30. Bc2 Ke7
31. Nb3 Ba4 32. Nxd4
1-0

[Event "1700's Anonymous - no.3"]
[Site "SchemingMind.com"]
[Date "2013.04.14"]
[Round "-"]
[White "David Hartley"]
[Black "Daryl Fouard"]
[Result "1/2-1/2"]
[WhiteCountry "ENG"]
[BlackCountry "USA"]
[WhiteElo "1748"]
[WhiteRD "67"]
[BlackElo "1717"]
[BlackRD "72"]
[GameID "329952"]

1. e4 c5 2. c3 Nf6 3. e5 Nd5 4. d4 cxd4 5. cxd4 d6 6. Nf3 Nc6 7. Be2 g6 8. Nc3 Nxc3 9. bxc3 dxe5 10. Nxe5 Bg7
11. Nxc6 bxc6 12. Bd2 O-O 13. O-O Bf5 14. f4 Qc7 15. Bc4 Qb6 16. Rc1 Rad8 17. Be3 e6 18. Qe2 h5=
1/2-1/2

[Event "1700's Anonymous - no.3"]
[Site "SchemingMind.com"]
[Date "2013.04.14"]
[Round "-"]
[White "Clive Everill"]
[Black "Daryl Fouard"]
[Result "1-0"]
[WhiteCountry "CZE"]
[BlackCountry "USA"]
[WhiteElo "1703"]
[WhiteRD "55"]
[BlackElo "1673"]
[BlackRD "77"]
[GameID "329953"]

1. e4 c5 2. Nf3 g6 3. c4 Bg7 4. d4 b6 5. Be2 Bb7 6. d5 Nf6 7. Nc3 O-O 8. O-O d6 9. Bd2 Nbd7 10. Qc1 e6
11. h3 exd5 12. exd5 Re8 13. Re1 Ne4 14. Nxe4 Rxe4 15. Bh6 Qe7 16. Be3 Ne5 17. Nxe5 Rxe5 18. Qd2 Re8 19. Rad1 f5 20. g3 Bh6
21. Bxh6 Rxe2 22. Rxe2 Qxe2 23. Qxe2 Rxe2 24. Rb1 Ba6 25. b3 Rxa2 26. Re1 Ra3 27. Re6 Rxb3 28. Rf6
1-0

[Event "1700's Anonymous - no.3"]
[Site "SchemingMind.com"]
[Date "2013.04.14"]
[Round "-"]
[White "emvarela"]
[Black "Daryl Fouard"]
[Result "0-1"]
[WhiteCountry "ARG"]
[BlackCountry "USA"]
[WhiteElo "1761"]
[WhiteRD "48"]
[BlackElo "1717"]
[BlackRD "72"]
[GameID "329954"]

1. e4 c5 2. Nf3 g6 3. d4 Bg7 4. Nc3 cxd4 5. Nxd4 Nc6 6. Be3 Nf6 7. Bc4 O-O 8. Bb3 Ng4 9. Nxc6 dxc6 10. Qxd8 Rxd8
11. Ke2 Nxe3 12. Kxe3 Bh6+ 13. f4 e5 14. g3 exf4+ 15. gxf4 Bg7 16. Rad1 Bg4 17. Rxd8+ Rxd8 18. h3 Bc8 19. Rd1 Re8 20. h4 h5
21. Rd3 Bf5 22. Kf3 Bxc3 23. Rxc3 Bxe4+ 24. Kg3 Bf5 25. Kf3 Bg4+ 26. Kg3 Kg7 27. Kf2 Re2+ 28. Kf1 Re4 29. Rc4 Rxc4 30. Bxc4 Kf6
31. Kf2 Be6 32. Bxe6 Kxe6 33. Kf3 Kf5 34. c4 c5 35. b3 b6 36. a3 a6 37. b4 a5 38. bxa5 bxa5 39. a4 f6
0-1

[Event "1700's Anonymous - no.3"]
[Site "SchemingMind.com"]
[Date "2013.04.14"]
[Round "-"]
[White "kenneth m day"]
[Black "Daryl Fouard"]
[Result "0-1"]
[WhiteCountry "USA"]
[BlackCountry "USA"]
[WhiteElo "1791"]
[WhiteRD "48"]
[BlackElo "1718"]
[BlackRD "75"]
[GameID "329955"]

1. e4 c5 2. d4 cxd4 3. c3 Nf6 4. e5 Nd5 5. Nf3 g6 6. cxd4 Bg7 7. Qb3 Nc7 8. Bg5 O-O 9. Nc3 Nc6 10. Bd3 d6
11. h4 Bg4 12. Ne2 dxe5 13. Qxb7 Bxf3 14. gxf3 Nxd4 15. Qe4 Nce6 16. Nxd4 Qxd4 17. Bxe7 Rfe8 18. Ba3 Red8 19. Rd1 h5 20. Bc2 Qxe4+
21. fxe4 Rac8 22. Bb3 Rxd1+ 23. Bxd1 Bf6 24. Bb4 Rc4 25. a3 Rxe4+ 26. Be2 Nd4
0-1

[Event "1700's Anonymous - no.3"]
[Site "SchemingMind.com"]
[Date "2013.04.17"]
[Round "-"]
[White "Scooter"]
[Black "David Hartley"]
[Result "1-0"]
[WhiteCountry "USA"]
[BlackCountry "ENG"]
[WhiteElo "1756"]
[WhiteRD "49"]
[BlackElo "1748"]
[BlackRD "67"]
[GameID "330390"]

1. d4 d5 2. Nf3 Nf6 3. Bf4 Nc6 4. e3 e6 5. Bb5 Bd7 6. O-O Be7 7. c3 O-O 8. Nbd2 a6 9. Bxc6 Bxc6 10. c4 dxc4
11. Nxc4 b6 12. Nce5 Bb7 13. Rc1 c5 14. dxc5 Bxc5 15. a3 Qxd1 16. Rfxd1 a5 17. Nd7 Nxd7 18. Rxd7 Bxf3 19. gxf3 Rfe8 20. Bd6 Bxd6
21. Rxd6 b5 22. Rd7 Rab8 23. b3 b4 24. a4 Ra8 25. Rcc7 Rf8 26. Ra7 g6 27. Rxf7 Rfc8 28. Rxh7 Rxa7 29. Rxa7 Rc3 30. Rxa5 Rxb3
31. Rb5 Rb2 32. a5 b3 33. a6 Ra2 34. Rxb3 Rxa6 35. Rb7 Kf8 36. h4 Ra5 37. Kg2 Rh5 38. Kg3 e5 39. Kg4 Kg8 40. f4 exf4
41. exf4 Kf8 42. f3 Kg8 43. Re7
1-0

[Event "1700's Anonymous - no.3"]
[Site "SchemingMind.com"]
[Date "2013.04.17"]
[Round "-"]
[White "Scooter"]
[Black "Clive Everill"]
[Result "1-0"]
[WhiteCountry "USA"]
[BlackCountry "CZE"]
[WhiteElo "1748"]
[WhiteRD "50"]
[BlackElo "1703"]
[BlackRD "55"]
[GameID "330391"]

1. d4 Nf6 2. Nf3 c5 3. c3 e6 4. Bg5 Be7 5. e3 d5 6. Bb5+ Bd7 7. Bxd7+ Nbxd7 8. O-O O-O 9. Nbd2 c4 10. b3 b5
11. Bxf6 Bxf6 12. Re1 Nb6 13. e4 dxe4 14. Nxe4 Be7 15. Nfd2 cxb3 16. axb3 a6 17. Nc5 Qc8 18. b4 Rd8 19. Qb3 Nd5 20. Ra5 Rd6
21. Rea1 Rc6 22. Qa3 Nc7 23. Qa2 g6 24. Nb1 Bxc5 25. bxc5 Nd5 26. Rxb5 Nc7 27. Ra5 Kg7 28. Na3 Nd5 29. Qc2 Qd8 30. Nc4 Qg5
31. Qb2 Nf4 32. g3 Nh3+ 33. Kg2 Nf4+ 34. Kf1 Nd5 35. Ne5 Rcc8 36. Rxa6 Rab8 37. Qc2 Nb4 38. cxb4 Rxb4 39. Rd6 Rb5 40. Rd7 Rcb8
41. Nxf7 Qh5 42. Nd6+ Kh6 43. Qd2+ g5 44. Qc2 Qg6 45. Nf7+ Kh5 46. Qe2+ g4 47. Qe5+ Qf5 48. Qxf5+ exf5 49. Nd6 Rb4 50. Nxf5 Kg6
51. Ne7+ Kf6 52. Nc6 Rb1+ 53. Rxb1 Rxb1+ 54. Kg2 h5 55. Ne5 Ke6 56. c6 Rb8 57. Ng6 Rc8 58. Nf4+ Kf6 59. Nxh5+ Ke6 60. d5+ Ke5
61. d6 Rxc6 62. Rd8 Ke6 63. d7 Ke7 64. Rc8 Kxd7 65. Rxc6 Kxc6 66. Nf6 Kd6 67. Nxg4 Ke6 68. h4 Kf5 69. f3 Kg6 70. Ne5+ Kh5
71. Kh3 Kh6 72. g4 Kg7 73. h5 Kf6 74. f4 Kg7 75. g5 Kh7 76. g6+ Kg7 77. Kg4 Kh6 78. f5 Kg7 79. Kg5 Kg8 80. f6 Kf8
81. Kh6 Kg8 82. f7+
1-0

[Event "1700's Anonymous - no.3"]
[Site "SchemingMind.com"]
[Date "2013.04.18"]
[Round "-"]
[White "Scooter"]
[Black "emvarela"]
[Result "1-0"]
[WhiteCountry "USA"]
[BlackCountry "ARG"]
[WhiteElo "1740"]
[WhiteRD "49"]
[BlackElo "1765"]
[BlackRD "48"]
[GameID "330392"]

1. d4 Nf6 2. Nf3 e6 3. Bg5 h6 4. Bh4 g5 5. Bg3 Ne4 6. e3 b6 7. Nbd2 Nxg3 8. hxg3 Bb7 9. Bc4 d5 10. Bd3 Bd6
11. Qe2 Nc6 12. O-O-O Qe7 13. Rh5 f5 14. Nxg5 O-O-O 15. Nxe6 Kb8 16. Nxd8 Nxd8 17. Bxf5 c6 18. Rdh1 Nf7 19. Bg6
1-0

[Event "1700's Anonymous - no.3"]
[Site "SchemingMind.com"]
[Date "2013.04.17"]
[Round "-"]
[White "Scooter"]
[Black "Daryl Fouard"]
[Result "1/2-1/2"]
[WhiteCountry "USA"]
[BlackCountry "USA"]
[WhiteElo "1748"]
[WhiteRD "50"]
[BlackElo "1673"]
[BlackRD "77"]
[GameID "330393"]

1. d4 Nf6 2. Nf3 c5 3. e3 g6 4. Be2 Bg7 5. c3 O-O 6. O-O d6 7. Nbd2 cxd4 8. cxd4 Nc6 9. a3 Bf5 10. b4 e6
11. Bb2 Rc8 12. Rc1 a6 13. b5 axb5 14. Bxb5 Na7 15. Qa4 Nxb5 16. Qxb5 Rxc1 17. Rxc1 Qb8 18. Nc4 Rc8 19. Na5 Rxc1+ 20. Bxc1 Qc7
21. Bd2 b6 22. Nc6 Be4 23. Nb4 Bxf3 24. gxf3 Bf8 25. Qc6 Qxc6= 26. Nxc6 Nd5 27. e4 Nc7= 28. a4 d5 29. Ne5 Bg7 30. Bc3 Na8
31. Nd7 f6 32. Bb4 Kf7 33. Bd6 Ke8 34. Nb8 Kd8 35. Na6 dxe4 36. fxe4 Bh6 37. Nb4 Bd2 38. Nd3 Bc3 39. d5 Nc7 40. Bxc7+ Kxc7
41. dxe6 Kd6 42. Nf4 g5 43. Nd5 Bd4 44. e7 Kd7 45. Kf1 Bc5 46. Nxf6+ Kxe7 47. Nxh7 g4 48. f3 gxf3 49. Ng5 f2 50. Nh3 Bd6
51. Kxf2 Bxh2 52. Ke3 Bc7 53. Nf4 Kd6= 54. Kd4 Kc6 55. Nd5 Bd8= 56. e5 b5 57. Nb4+ Kb6 58. a5+ Kb7 59. a6+ Kb6 60. a7 Kb7
61. Nc6 Bh4 62. e6 b4 63. Kc4 Bf6 64. Kxb4 Bh4 65. Kc4 Bf6 66. Kd5 Bh4 67. Kd6 Bg5 68. e7=
1/2-1/2

[Event "1700's Anonymous - no.3"]
[Site "SchemingMind.com"]
[Date "2013.04.17"]
[Round "-"]
[White "Scooter"]
[Black "kenneth m day"]
[Result "0-1"]
[WhiteCountry "USA"]
[BlackCountry "USA"]
[WhiteElo "1740"]
[WhiteRD "49"]
[BlackElo "1791"]
[BlackRD "48"]
[GameID "330394"]

1. d4 Nf6 2. Nf3 g6 3. Bf4 Bg7 4. e3 d6 5. Be2 O-O 6. O-O Nbd7 7. Nbd2 b6 8. c4 Bb7 9. Rb1 c5 10. d5 Re8
11. h3 e6 12. dxe6 fxe6 13. Bxd6 e5 14. Nb3 Re6 15. Ng5 Re8 16. Bg4 Nxg4 17. Qxg4 Nf6 18. Qd1 h6 19. Nf3 Re6 20. Bxe5 Qxd1
21. Rfxd1 Bxf3 22. gxf3 Rxe5 23. Rd2 Ree8 24. Rbd1 Bf8 25. Nc1 Be7 26. Nd3 Rad8 27. Ne5 Kg7 28. Nc6 Rc8 29. Ne5 Bf8 30. f4 Ne4
31. Rd7+ Re7 32. Rxe7+ Bxe7 33. Rd7 Kf6 34. Nxg6 Kxg6 35. Rxe7 Nd2 36. b3 Rg8 37. f3 Kf6+
0-1

[Event "1700's Anonymous - no.3"]
[Site "SchemingMind.com"]
[Date "2013.04.17"]
[Round "-"]
[White "David Hartley"]
[Black "Scooter"]
[Result "0-1"]
[WhiteCountry "ENG"]
[BlackCountry "USA"]
[WhiteElo "1748"]
[WhiteRD "67"]
[BlackElo "1756"]
[BlackRD "49"]
[GameID "330395"]

1. e4 c6 2. d4 d5 3. exd5 cxd5 4. c4 Nf6 5. Nc3 e6 6. Nf3 Bb4 7. Bd3 O-O 8. O-O Nbd7 9. Bf4 dxc4 10. Bxc4 a6
11. Qb3 Bxc3 12. bxc3 b5 13. Bd3 Bb7 14. Nd2 Rc8 15. c4 bxc4 16. Bxc4 Bd5 17. Bxd5 Nxd5 18. Bg3 Qb6 19. Qxb6 N7xb6 20. Rab1 Rc2
21. Nf3 Rxa2 22. Bd6 Rd8 23. Bc5 Nc4 24. Rb7 Nd2 25. Nxd2 Rxd2 26. Ra1 Nf4 27. Kf1 Nd3 28. Be7 Rxf2+ 29. Kg1 Rc8 30. Rd1 Rb2
31. Rxb2 Nxb2 32. Ra1 Ra8 33. Kf2 Nc4 34. Bc5 Nd2 35. Ke2 Ne4 36. Ke3 Nxc5 37. dxc5 Kf8 38. Ra2 Ke7 39. Kd4 Kd7 40. Kc4 Kc6
41. Ra5 e5 42. g3 f5 43. Ra2 a5 44. Ra3 a4 45. Kb4 g5 46. Rf3 a3
0-1

[Event "1700's Anonymous - no.3"]
[Site "SchemingMind.com"]
[Date "2013.04.17"]
[Round "-"]
[White "Clive Everill"]
[Black "Scooter"]
[Result "0-1"]
[WhiteCountry "CZE"]
[BlackCountry "USA"]
[WhiteElo "1703"]
[WhiteRD "55"]
[BlackElo "1748"]
[BlackRD "50"]
[GameID "330396"]

1. e4 c6 2. d4 d5 3. Nd2 dxe4 4. Nxe4 Bf5 5. Nc5 b6 6. Nb3 Nf6 7. Nf3 h6 8. Ne5 e6 9. g4 Bh7 10. Be3 Bd6
11. f4 Ne4 12. Nf3 Qc7 13. Qc1 Nd7 14. Bd3 Ndf6 15. Nbd2 Nxd2 16. Qxd2 Bxd3 17. cxd3 Nxg4 18. Ne5 Nxe3 19. Qxe3 Bb4+ 20. Ke2 O-O-O
21. a3 Bd6 22. b4 Bxe5 23. dxe5 Rd5 24. Rhd1 Qe7 25. Qg3 f5 26. Rac1 Rhd8 27. Rxc6+ Kb7 28. Rc3 g5 29. Qf3 g4 30. Qg2 Kb8
31. Ke1 h5 32. Qc2 Qh4+ 33. Kf1 g3 34. hxg3 Qxg3 35. Qf2 Qg4 36. Rd2 Rd4 37. Rc4 Rxd3 38. Rxd3 Rxd3 39. Rc8+ Kxc8 40. Qc2+ Kb8
41. Qxd3 Qxf4+ 42. Kg1 Qxe5 43. Qd8+ Kb7 44. Qd7+ Qc7 45. Qxe6 Qg3+ 46. Kf1 Qd3+ 47. Kf2 h4 48. Qe7+ Ka6 49. Qxh4 Qd2+ 50. Kf1 f4
51. Qg4 Kb5 52. Qf5+ Ka4 53. Qh3 Qc1+ 54. Kg2 Qe3 55. Qd7+ Kxa3 56. Qxa7+ Kxb4 57. Qa1 f3+ 58. Kh1 Qh6+ 59. Kg1 Qg5+ 60. Kf2 Qd2+
61. Kg3 Qg2+ 62. Kf4 Qe2 63. Qb1+ Kc5 64. Qf5+ Kb4 65. Qb1+ Kc5 66. Qf5+ Kc4 67. Qf7+ Kb4 68. Qf8+ Kb3 69. Qd8 b5 70. Qd6 Qh2+
0-1